[Event " "]
[Site "Migné-Auxances"]
[Date "20.??.??"]
[Round "5.7"]
[White "Wabant, Pascal"]
[Black "Fougerit, Valentin"]
[Result "1/2-1/2"]
[WhiteElo "2082"]
[BlackElo "2205"]
[PlyCount "155"]
[EventDate "20.??.??"]
[WhiteTeam "Bois-Colombes"]
[BlackTeam "Migné-Auxances"]

1. e4 e5 2. Nf3 d6 3. d4 exd4 4. Nxd4 Nf6 5. Nc3 Be7 6. Be2 O-O 7. O-O Re8 8.
f4 Bf8 9. Bf3 c5 10. Nb3 Nc6 11. Be3 d5 12. exd5 Rxe3 13. dxc6 Qb6 14. cxb7
Bxb7 15. Bxb7 Qxb7 16. Qc1 Rae8 17. Nd2 Qa6 18. Nf3 c4 19. Kh1 Bc5 20. Qd2 Qe6
21. Rae1 Ng4 22. Ne5 Rxe1 23. Qxe1 Ne3 24. Rf2 Kf8 25. Rd2 Ng4 26. Ne4 Nxe5 27.
Nxc5 Qc6 28. fxe5 Qxc5 29. Re2 Qd4 30. c3 Qf4 31. h3 Qf5 32. Re4 Qe6 33. Qe2
Rc8 34. Qg4 Qxg4 35. Rxg4 g6 36. Rf4 Ke7 37. Kg1 Rc5 38. Kf1 g5 39. Rf6 Rb5 40.
Ra6 Rxb2 41. Rxa7+ Ke6 42. Rc7 $11 Kd5 43. Rxf7 Kxe5 44. a4 Ke4 45. Rf2 Rb1+
46. Ke2 Ra1 47. Rf7 Ra2+ 48. Kd1 Rxa4 49. Rd7 Ke3 50. Rd4 h5 51. Kc1 Ra2 52. g4
Rh2 53. gxh5 Rxh3 54. Kb2 Rxh5 55. Rxc4 Rh6 56. Rg4 Rg6 57. Kb3 Kf3 58. Rg1 g4
59. Kc4 Kf2 60. Rc1 Re6 61. Kd5 Re1 62. Rc2+ Re2 63. Rc1 g3 64. c4 g2 65. c5
Rd2+ 66. Ke6 Ke3 67. c6 Rc2 68. Rxc2 g1=Q 69. c7 Qg4+ 70. Kd6 Qc8 71. Rb2 Ke4
72. Rb8 Qa6+ 73. Kd7 Qa4+ 74. Kd6 Qd4+ 75. Kc6 Qc4+ 76. Kb6 Qe6+ 77. Kb7 Qd5+
78. Ka7 1/2-1/2

[Event " "]
[Site "Migné-Auxances"]
[Date "20.??.??"]
[Round "5.8"]
[White "Boulan, Laura"]
[Black "Choisy, Mathilde"]
[Result "0-1"]
[WhiteElo "1937"]
[BlackElo "2079"]
[PlyCount "64"]
[EventDate "20.??.??"]
[WhiteTeam "Migné-Auxances"]

1. e4 c5 2. c3 Nf6 3. e5 Nd5 4. d4 cxd4 5. cxd4 d6 6. Nf3 Nc6 7. exd6 Qxd6 8.
Nc3 Nxc3 9. bxc3 Bg4 10. Be2 e6 11. O-O Be7 12. h3 Bf5 13. Re1 O-O 14. Be3 Rac8
15. Qd2 Rfd8 16. Bf4 Qa3 17. Rec1 Qa5 18. Qe3 Ba3 19. g4 Bxc1 20. Rxc1 Bg6 21.
h4 h5 22. Ng5 hxg4 23. Bxg4 Re8 24. h5 Bf5 25. Qg3 Bxg4 26. Qxg4 Qf5 27. Qg3 e5
28. dxe5 Nxe5 29. h6 Ng6 30. h7+ Kh8 31. Be3 Ne5 32. Bd4 Qxg5 0-1

[Event " "]
[Site "Noyon"]
[Date "20.??.??"]
[Round "5.1"]
[White "Gharamian, Tigran"]
[Black "David, Alberto"]
[Result "1/2-1/2"]
[WhiteElo "2477"]
[BlackElo "2528"]
[PlyCount "85"]
[EventDate "20.??.??"]
[WhiteTeam "Lille"]
[BlackTeam "Clichy II"]

1. e4 e5 2. Nf3 Nc6 3. Bb5 a6 4. Ba4 Nf6 5. O-O Be7 6. Re1 b5 7. Bb3 O-O 8. h3
Bb7 9. d3 d6 10. a3 Na5 11. Ba2 c5 12. Nbd2 Bc8 13. c3 Be6 14. d4 Bxa2 15. Rxa2
exd4 16. cxd4 c4 17. d5 Nd7 18. b4 cxb3 19. Nxb3 Nxb3 20. Qxb3 Bf6 21. Be3 Re8
22. Qb1 Qa5 23. Bd2 Qd8 24. a4 Rb8 25. axb5 Rxb5 26. Qc2 Nc5 27. Qc4 Qb8 28.
Nd4 Rb1 29. f3 Rxe1+ 30. Bxe1 Qb1 31. Nc2 Bc3 32. Kh2 Be5+ 33. Bg3 Bxg3+ 34.
Kxg3 Qc1 35. h4 h6 36. Qd4 Re5 37. Ne3 Qe1+ 38. Kh3 Nb3 39. Qb6 Qh1+ 40. Kg3
Qe1+ 41. Kh3 Qh1+ 42. Kg3 Qe1+ 43. Kh3 1/2-1/2

[Event " "]
[Site "Noyon"]
[Date "20.??.??"]
[Round "5.2"]
[White "Rainfray, Arnaud"]
[Black "Froeyman, Helmut"]
[Result "1/2-1/2"]
[WhiteElo "2394"]
[BlackElo "2247"]
[PlyCount "97"]
[EventDate "20.??.??"]
[WhiteTeam "Clichy II"]

1. e4 e5 2. Nf3 Nc6 3. Bc4 Bc5 4. c3 Nf6 5. d3 a6 6. O-O Ba7 7. Nbd2 d6 8. Bb3
O-O 9. h3 h6 10. Re1 Re8 11. Nf1 Be6 12. Bc2 d5 13. Qe2 Qd6 14. Ng3 Rad8 15.
Nh4 dxe4 16. dxe4 Ne7 17. Qf3 Kh7 18. Rd1 Qc6 19. Rd5 Ng6 20. Nxg6 fxg6 21.
Rxe5 Nd7 22. Rxe6 Rxe6 23. Qe2 Rf6 24. Be3 Bxe3 25. Qxe3 Ne5 26. b3 Qb6 27.
Qxb6 cxb6 28. Re1 Rd2 29. Re2 Rxe2 30. Nxe2 Rd6 31. Nd4 g5 32. Kf1 Kg8 33. Ke2
Rd8 34. Ke3 b5 35. Bd1 Nc6 36. Bg4 Kf7 37. Be6+ Kf6 38. Bd5 Rc8 39. Kd3 Rc7 40.
g3 Ne7 41. Be6 b4 42. c4 Nc6 43. Bd5 Nxd4 44. Kxd4 b6 45. e5+ Ke7 46. f4 gxf4
47. gxf4 Rc8 48. f5 Rf8 49. Ke4 $11 1/2-1/2

[Event " "]
[Site "Noyon"]
[Date "20.??.??"]
[Round "5.3"]
[White "Julve, Philippe"]
[Black "Mullon, Jean-Baptiste"]
[Result "0-1"]
[WhiteElo "2236"]
[BlackElo "2333"]
[PlyCount "106"]
[EventDate "20.??.??"]
[WhiteTeam "Lille"]
[BlackTeam "Clichy II"]

1. d4 d5 2. c4 c6 3. Nf3 Nf6 4. Nc3 dxc4 5. a4 Bf5 6. e3 e6 7. Bxc4 Bb4 8. O-O
Nbd7 9. Qe2 Bg6 10. Nh4 Bh5 11. f3 g5 12. g4 gxh4 13. gxh5 Rg8+ 14. Kh1 Qa5 15.
e4 Qxh5 16. e5 Nd5 17. Ne4 O-O-O 18. a5 h3 19. Ng3 Qh4 20. Qe4 Qe7 21. Qxh7 f5
22. Qxe7 Bxe7 23. Bd2 a6 24. Rg1 Nc7 25. Ne2 Rxg1+ 26. Nxg1 Nxe5 27. Bf1 Rxd4
28. Bc3 Rd5 29. Bxh3 Nd3 30. Bf1 Nb5 31. Bg7 Bd8 32. Ne2 Rd7 33. Bh8 Rh7 34.
Bd4 Bc7 35. Bg1 Nxb2 36. Nc1 Rd7 37. Nb3 Nd3 38. Kg2 Be5 39. Ra4 Nf4+ 40. Kf2
Nc3 41. Rc4 Nd1+ 42. Ke1 Nb2 43. Rd4 Bxd4 44. Bxd4 Nbd3+ 45. Kd2 e5 46. Bxd3
Nxd3 47. Kxd3 exd4 48. h4 Rh7 49. Nxd4 Rxh4 50. Nxf5 Rf4 51. Nd4 c5 52. Ne6
Rxf3+ 53. Kc4 Ra3 0-1

[Event " "]
[Site "Noyon"]
[Date "20.??.??"]
[Round "5.4"]
[White "Delorme, Axel"]
[Black "Bouhallel, Rabah"]
[Result "1-0"]
[WhiteElo "2254"]
[BlackElo "2329"]
[PlyCount "81"]
[EventDate "20.??.??"]
[WhiteTeam "Clichy II"]

1. e4 c5 2. Nf3 e6 3. d4 cxd4 4. Nxd4 a6 5. Bd3 Nf6 6. O-O Qc7 7. Qe2 d6 8. c4
g6 9. f4 Bg7 10. Nf3 Nbd7 11. Nc3 O-O 12. Kh1 Nc5 13. Bc2 b6 14. Bd2 Bb7 15. b4
Ncd7 16. Bd3 Rac8 17. Qf2 Qd8 18. Rac1 Re8 19. a3 Ng4 20. Qg3 f5 21. Ng5 Ndf6
22. Nxe6 Rxe6 23. exf5 Re8 24. fxg6 Qd7 25. h3 Nh6 26. f5 Re5 27. gxh7+ Kh8 28.
Qg6 Nf7 29. Na4 Rf8 30. Nxb6 Qc6 31. Nd5 Rxd5 32. cxd5 Qxd5 33. Bc3 Ne5 34.
Bxe5 dxe5 35. Rc7 Ne8 36. f6 Bxf6 37. Rxf6 Qxg2+ 38. Qxg2 Bxg2+ 39. Kxg2 Nxf6
40. Bxa6 Nd5 41. Rc8 1-0

[Event " "]
[Site "Noyon"]
[Date "20.??.??"]
[Round "5.5"]
[White "Cappon, John"]
[Black "Sanchez, Louis"]
[Result "1-0"]
[WhiteElo "2224"]
[BlackElo "2258"]
[PlyCount "81"]
[EventDate "20.??.??"]
[WhiteTeam "Lille"]
[BlackTeam "Clichy II"]

1. e4 c5 2. Nf3 e6 3. d4 cxd4 4. Nxd4 Nc6 5. Nc3 a6 6. Be3 Nf6 7. Bd3 Qc7 8.
O-O Ne5 9. Nf3 Nfg4 10. Nxe5 Nxe3 11. Qh5 g6 12. Qf3 Qxe5 13. fxe3 f6 14. Qxf6
Qxf6 15. Rxf6 Bg7 16. Rf3 b5 17. Raf1 Bb7 18. Rf7 Be5 19. Nd1 Bc6 20. c3 a5 21.
Bb1 b4 22. c4 Ba4 23. R7f2 Ke7 24. Rf7+ Ke8 25. R7f2 Bd6 26. Rd2 Ke7 27. Rdf2
Rhf8 28. Rxf8 Rxf8 29. Rxf8 Kxf8 30. b3 Bc6 31. g3 Ke7 32. Kf2 Kf6 33. Kf3 g5
34. Kg4 Be5 35. Kh5 d6 36. Nf2 Bc3 37. e5+ dxe5 38. Be4 Bd7 39. Kh6 Be8 40.
Ng4+ Ke7 41. Bxh7 1-0

[Event " "]
[Site "Noyon"]
[Date "20.??.??"]
[Round "5.6"]
[White "Keller, Christophe"]
[Black "Lacrosse, Marc"]
[Result "0-1"]
[WhiteElo "2228"]
[BlackElo "2294"]
[PlyCount "87"]
[EventDate "20.??.??"]
[WhiteTeam "Clichy II"]

1. e4 e5 2. Nc3 Nf6 3. Bc4 Nxe4 4. Qh5 Nd6 5. Bb3 Be7 6. Nf3 Nc6 7. Nxe5 g6 8.
Qe2 Nd4 9. Qd3 Nxb3 10. axb3 c6 11. b4 O-O 12. O-O Nf5 13. b5 Bf6 14. Ng4 Bg7
15. b3 d5 16. Ba3 Re8 17. Rfe1 h5 18. Ne3 Nh6 19. Ne2 Bxa1 20. Rxa1 Nf5 21. Nd4
Nxd4 22. Qxd4 Re4 23. Qc5 Bd7 24. d3 Qf6 25. Rb1 b6 26. Nxd5 cxd5 27. Qxd5 Ree8
28. Qxd7 Re2 29. Rf1 Rxc2 30. Be7 Qe6 31. Qb7 Re8 32. Bg5 Rc5 33. Be3 Rxb5 34.
h4 a5 35. Rc1 Rxb3 36. Rc6 Rb1+ 37. Kh2 Qe5+ 38. g3 Qf5 39. Rxb6 Rxb6 40. Qxb6
a4 41. Qb2 Kh7 42. Qd2 Ra8 43. d4 Ra5 44. Bh6 0-1

[Event " "]
[Site "Noyon"]
[Date "20.??.??"]
[Round "5.7"]
[White "Vallet, Marc"]
[Black "Daurelle, Herve"]
[Result "0-1"]
[WhiteElo "2190"]
[BlackElo "2221"]
[PlyCount "52"]
[EventDate "20.??.??"]
[WhiteTeam "Lille"]
[BlackTeam "Clichy II"]

1. c4 Nf6 2. Nf3 e6 3. g3 c5 4. Bg2 a6 5. Nc3 Qc7 6. O-O Be7 7. b3 O-O 8. Bb2
b6 9. d4 cxd4 10. Qxd4 Nc6 11. Qd2 Bb7 12. Rac1 Rad8 13. e4 Qb8 14. e5 Ng4 15.
Qf4 f5 16. Nd5 Bc5 17. h3 Nxf2 18. Rxf2 Bxf2+ 19. Kxf2 exd5 20. cxd5 Ne7 21. d6
Nd5 22. Qg5 Rc8 23. e6 Nf6 24. e7 Ne4+ 25. Kg1 Nxg5 26. exf8=Q+ Kxf8 0-1

[Event " "]
[Site "Noyon"]
[Date "20.??.??"]
[Round "5.8"]
[White "Marchadour, Emilie"]
[Black "Delescluse, Oriane"]
[Result "1-0"]
[WhiteElo "2079"]
[BlackElo "1740"]
[PlyCount "37"]
[EventDate "20.??.??"]
[WhiteTeam "Clichy II"]

1. e4 d6 2. d4 e5 3. Nf3 exd4 4. Nxd4 Nf6 5. Bd3 g6 6. O-O Bg7 7. Nc3 O-O 8.
Bg5 Nbd7 9. f4 Nc5 10. Nf3 Nxd3 11. Qxd3 Qe8 12. Rae1 Nd7 13. Nd5 Nc5 14. Qe3
Qd7 15. Nf6+ Bxf6 16. Bxf6 Qe6 17. e5 Nd7 18. f5 Qe8 19. Qh6 1-0

[Event " "]
[Site "Noyon"]
[Date "20.??.??"]
[Round "5.1"]
[White "Winants, Luc"]
[Black "Adla, Diego"]
[Result "1/2-1/2"]
[WhiteElo "2516"]
[BlackElo "2485"]
[PlyCount "77"]
[EventDate "20.??.??"]
[WhiteTeam "Cappelle la Grande"]
[BlackTeam "Noyon"]

1. d4 Nf6 2. Bg5 e6 3. e3 h6 4. Bh4 c5 5. Nf3 Be7 6. Nbd2 cxd4 7. exd4 b6 8.
Bd3 Bb7 9. c3 Nh5 10. Bg3 Nxg3 11. hxg3 d6 12. Qe2 Nd7 13. Ba6 Qc8 14. Bxb7
Qxb7 15. g4 O-O-O 16. a4 Kb8 17. a5 b5 18. a6 Qb6 19. Nb3 Rhe8 20. d5 e5 21.
Na5 Rc8 22. Nc6+ Rxc6 23. dxc6 Qxc6 24. O-O Bd8 25. Ne1 Nf6 26. Nc2 Bb6 27. Nb4
Qc4 28. Qd1 d5 29. b3 Qc5 30. Ra2 Rd8 31. Rd2 e4 32. Rd4 Qxc3 33. Rxd5 Nxd5 34.
Nxd5 Bxf2+ 35. Rxf2 Qc5 36. Kh1 Rxd5 37. Rd2 Rxd2 38. Qxd2 Qg5 39. Qd7 1/2-1/2

[Event " "]
[Site "Noyon"]
[Date "20.??.??"]
[Round "5.2"]
[White "Magem Badals, Jordi"]
[Black "Carlier, Bruno"]
[Result "1-0"]
[WhiteElo "2487"]
[BlackElo "2430"]
[PlyCount "60"]
[EventDate "20.??.??"]
[WhiteTeam "Noyon"]

1. e4 d6 2. d4 Nf6 3. Nc3 e5 4. Nge2 Be7 5. f3 O-O 6. Be3 exd4 7. Qxd4 a6 8.
O-O-O b5 9. Nf4 c6 10. g4 Nbd7 11. g5 Ne8 12. h4 Qa5 13. a3 Ne5 14. Be2 Rb8 15.
Bd2 Qc7 16. Ng2 a5 17. f4 b4 18. fxe5 dxe5 19. Qe3 bxc3 20. Bxc3 Be6 21. Qg3 f6
22. Ne3 Bb4 23. Bc4 Bxc4 24. Nxc4 Bxc3 25. Qxc3 Rb5 26. Qh3 Rc5 27. Rd7 Qc8 28.
Qe6+ Kh8 29. Qe7 Rg8 30. Nb6 Qa6 1-0

[Event " "]
[Site "Noyon"]
[Date "20.??.??"]
[Round "5.3"]
[White "Platel, Alexandre"]
[Black "Hommeles, Theo"]
[Result "1/2-1/2"]
[WhiteElo "2194"]
[BlackElo "2375"]
[PlyCount "49"]
[EventDate "20.??.??"]
[WhiteTeam "Cappelle la Grande"]
[BlackTeam "Noyon"]

1. e4 c5 2. Nf3 d6 3. Bb5+ Nc6 4. O-O Nf6 5. Re1 e5 6. h3 a6 7. Bf1 Be7 8. c3
O-O 9. d4 Qc7 10. a4 Re8 11. d5 Na7 12. b4 b6 13. Na3 Bb7 14. Bd3 Bf8 15. Bg5
Nd7 16. Nh4 g6 17. Qe2 Nc8 18. b5 a5 19. Qd2 Ne7 20. Nc4 Bg7 21. Bh6 Kh8 22.
Bxg7+ Kxg7 23. Ne3 Bc8 24. Rf1 Ng8 25. Nef5+ 1/2-1/2

[Event " "]
[Site "Noyon"]
[Date "20.??.??"]
[Round "5.4"]
[White "Aguettaz, Maxime"]
[Black "Jossien, Remy"]
[Result "1-0"]
[WhiteElo "2345"]
[BlackElo "2276"]
[PlyCount "43"]
[EventDate "20.??.??"]
[WhiteTeam "Noyon"]

1. Nf3 g6 2. c4 Bg7 3. Nc3 d6 4. d4 Nd7 5. e4 h6 6. Be2 e6 7. Be3 Ne7 8. Qd2 f5
9. O-O-O Nf6 10. exf5 Nxf5 11. Bd3 Ng4 12. Bf4 g5 13. h3 Nf6 14. Rhe1 O-O 15.
Bh2 a6 16. g4 Ne7 17. Qe2 b5 18. h4 Nxg4 19. Qe4 Nxh2 20. Qh7+ Kf7 21. Nxg5+
hxg5 22. Qh5+ 1-0

[Event " "]
[Site "Noyon"]
[Date "20.??.??"]
[Round "5.5"]
[White "Couche, Didier"]
[Black "Nguyen, Chi-Minh"]
[Result "1-0"]
[WhiteElo "2111"]
[BlackElo "2383"]
[PlyCount "73"]
[EventDate "20.??.??"]
[WhiteTeam "Cappelle la Grande"]
[BlackTeam "Noyon"]

1. d4 e6 2. c4 Nf6 3. Nf3 b6 4. Bg5 h6 5. Bh4 Bb4+ 6. Nc3 Bb7 7. e3 Bxc3+ 8.
bxc3 d6 9. Be2 Nbd7 10. O-O g5 11. Bg3 Ne4 12. Qd3 h5 13. h3 f5 14. Nd2 Ndf6
15. Nxe4 Nxe4 16. d5 e5 17. Bf3 Nxg3 18. fxg3 Bc8 19. g4 hxg4 20. Bxg4 e4 21.
Qd4 O-O 22. Rf2 fxg4 23. Rxf8+ Qxf8 24. Rf1 Qe7 25. h4 Qe5 26. Qd2 g3 27. Qe2
g4 28. Rf4 Qxc3 29. Qf1 Qxe3+ 30. Kh1 Bd7 31. Rf6 Qd4 32. Rg6+ Kh8 33. Rg5 Rg8
34. Rh5+ Kg7 35. Rg5+ Kh6 36. Rxg8 Qf2 37. Qc1+ 1-0

[Event " "]
[Site "Noyon"]
[Date "20.??.??"]
[Round "5.6"]
[White "Housieaux, David"]
[Black "Husson, Cybele"]
[Result "1-0"]
[WhiteElo "2327"]
[BlackElo "2056"]
[PlyCount "65"]
[EventDate "20.??.??"]
[WhiteTeam "Noyon"]

1. d4 d5 2. c4 c6 3. Nf3 Nf6 4. Qc2 e6 5. Bg5 Bb4+ 6. Nc3 Nbd7 7. cxd5 exd5 8.
e3 Nf8 9. Bd3 Bg4 10. Ne5 Bh5 11. f4 Qd6 12. O-O Ng4 13. Nxg4 Bxg4 14. f5 f6
15. Bf4 Qd7 16. Rae1 O-O-O 17. Nb5 Re8 18. Rc1 g5 19. fxg6 hxg6 20. Qa4 Bd2 21.
Qxa7 Kd8 22. Bd6 Bxe3+ 23. Kh1 Re6 24. Qa5+ Ke8 25. Rce1 Kf7 26. Be5 Kg7 27.
Nc7 Rxe5 28. dxe5 b6 29. Qa7 d4 30. e6 Qc8 31. Ne8+ Kh6 32. Qg7+ Kg5 33. Qxf6+
1-0

[Event " "]
[Site "Noyon"]
[Date "20.??.??"]
[Round "5.7"]
[White "Caels, Vivianne"]
[Black "Clery, Nicolas"]
[Result "0-1"]
[WhiteElo "2044"]
[BlackElo "2324"]
[PlyCount "62"]
[EventDate "20.??.??"]
[WhiteTeam "Cappelle la Grande"]
[BlackTeam "Noyon"]

1. d4 Nf6 2. Nf3 g6 3. Bg5 Bg7 4. e3 O-O 5. Bd3 d6 6. e4 Nbd7 7. c3 e5 8. O-O
h6 9. Bh4 Qe8 10. Re1 Nh5 11. Bg3 Qe7 12. Na3 Nxg3 13. hxg3 Nf6 14. Nc4 Ng4 15.
Ne3 h5 16. Nd5 Qd8 17. dxe5 dxe5 18. Ne3 Be6 19. Nxg4 hxg4 20. Nh2 Qg5 21. Nf1
Rad8 22. Qe2 Bf6 23. Bc4 Bc8 24. Rad1 Kg7 25. Ne3 Qh5 26. Rxd8 Bxd8 27. f4 gxf3
28. gxf3 c6 29. Qf2 Rh8 30. Qg2 Bh3 31. Qf2 Be6 0-1

[Event " "]
[Site "Noyon"]
[Date "20.??.??"]
[Round "5.8"]
[White "Assad, Karine"]
[Black "Gouvart, Stephane"]
[Result "1-0"]
[WhiteElo "2048"]
[BlackElo "1980"]
[PlyCount "77"]
[EventDate "20.??.??"]
[WhiteTeam "Noyon"]

1. d4 d5 2. c4 c6 3. Nc3 Nf6 4. Nf3 dxc4 5. a4 Bf5 6. Ne5 Nbd7 7. Nxc4 e6 8. e3
Be7 9. Be2 O-O 10. O-O c5 11. d5 exd5 12. Nxd5 Re8 13. Nxe7+ Rxe7 14. Nd6 Be4
15. Nxe4 Nxe4 16. f3 Nef6 17. e4 Qc7 18. Bg5 b6 19. Qc1 Rd8 20. Rd1 Kh8 21. Bb5
h6 22. Bf4 Qc8 23. Bd6 Ree8 24. Qc4 Kg8 25. Ba6 Qc6 26. Qb3 Re6 27. Bb5 c4 28.
Qxc4 Qxc4 29. Bxc4 Ree8 30. Bb5 Re6 31. Bc7 Rc8 32. Bxd7 Rxc7 33. Bxe6 fxe6 34.
Rac1 Re7 35. Rd8+ Kf7 36. Rdc8 h5 37. R1c7 Ne8 38. Rxe7+ Kxe7 39. Ra8 1-0

[Event " "]
[Site "Nantes"]
[Date "20.??.??"]
[Round "5.1"]
[White "Dumitrache, Dragos-Nicolae"]
[Black "Justo, Damian"]
[Result "1-0"]
[WhiteElo "2455"]
[BlackElo "2306"]
[PlyCount "167"]
[EventDate "20.??.??"]
[WhiteTeam "Guingamp"]
[BlackTeam "Evry Grand Roque II"]

1. d4 e6 2. c4 Nf6 3. Nf3 c5 4. e3 cxd4 5. exd4 Bb4+ 6. Nc3 Bxc3+ 7. bxc3 Qa5
8. Qc2 b6 9. Be2 Bb7 10. O-O O-O 11. Bf4 Rc8 12. Nd2 d5 13. Rfb1 Ba6 14. Rb4
Bxc4 15. Nxc4 dxc4 16. Ra4 Qb5 17. Rb1 Qe8 18. Rxb6 axb6 19. Rxa8 b5 20. a4 Nd5
21. Rxb8 Rxb8 22. Bxb8 Qxb8 23. Qb2 b4 24. Bxc4 Qc7 25. Bxd5 bxc3 26. Qb5 g6
27. Be4 c2 28. Bxc2 Qxc2 29. a5 Qd1+ 30. Qf1 Qxd4 31. g3 e5 32. a6 e4 33. Qc1
h5 34. Qa3 e3 35. fxe3 Qd1+ 36. Kf2 Qd2+ 37. Kf3 Qd5+ 38. e4 Qd1+ 39. Ke3 Qg1+
40. Kf4 Qf1+ 41. Ke5 Qb5+ 42. Kd4 Qd7+ 43. Ke3 Qa7+ 44. Kf3 Kh7 45. Qa2 Kg8 46.
Qa4 Kg7 47. Ke2 Kg8 48. Kd3 Kh7 49. Qc4 Qf2 50. Kc3 Kg8 51. Qc6 Qa7 52. Kc4 Qf2
53. Qa4 Qa7 54. Qe8+ Kh7 55. Kb5 Kg7 56. Qe5+ Kh7 57. Qd5 Qb8+ 58. Qb7 Qe5+ 59.
Kc4 Qe6+ 60. Kd3 Qd6+ 61. Ke2 Qe6 62. a7 Qc4+ 63. Kd2 Qd4+ 64. Kc2 Qc4+ 65. Kb2
Qd4+ 66. Kb3 Qd3+ 67. Ka4 Qc4+ 68. Ka5 Qc5+ 69. Ka6 Qc4+ 70. Kb6 Qb4+ 71. Kc7
Qe7+ 72. Kb8 Qe8+ 73. Qc8 Qe5+ 74. Qc7 Qb5+ 75. Kc8 Qe8+ 76. Kb7 Qb5+ 77. Qb6
Qd7+ 78. Kb8 Qe8+ 79. Kc7 Qe7+ 80. Kc6 Qxe4+ 81. Kd7 Kg7 82. Qb3 Kh7 83. Qa3
Qa8 84. Kc7 1-0

[Event " "]
[Site "Nantes"]
[Date "20.??.??"]
[Round "5.2"]
[White "Debray, Christopher"]
[Black "Le Roux, Jean-Pierre"]
[Result "1-0"]
[WhiteElo "2278"]
[BlackElo "2486"]
[PlyCount "81"]
[EventDate "20.??.??"]
[WhiteTeam "Evry Grand Roque II"]

1. e4 e5 2. Nf3 Nc6 3. d4 exd4 4. Nxd4 Bc5 5. Nb3 Bb6 6. a4 Qh4 7. Qe2 Nf6 8.
a5 Nd4 9. Nxd4 Bxd4 10. Ra4 c5 11. Nd2 Ng4 12. g3 Qh5 13. Bg2 Bxf2+ 14. Kf1 Bd4
15. Nf3 O-O 16. Nxd4 cxd4 17. h3 Nf6 18. Qxh5 Nxh5 19. Kf2 d6 20. g4 Nf6 21.
Rxd4 Be6 22. Bf4 Rfc8 23. c3 Rc5 24. g5 Ne8 25. Ra1 Rac8 26. Rb4 R5c7 27. Be3
a6 28. Rb6 f6 29. gxf6 Nxf6 30. Rd1 Rf7 31. Kg1 Re8 32. Rbxd6 h6 33. Rd8 Rff8
34. Rxe8 Rxe8 35. e5 Nd7 36. Bxb7 Nxe5 37. Bxa6 Bxh3 38. Bb5 Rf8 39. a6 Bc8 40.
Bc5 Nf3+ 41. Kh1 1-0

[Event " "]
[Site "Nantes"]
[Date "20.??.??"]
[Round "5.3"]
[White "Terrieux, Kevin"]
[Black "Roumegous, Etienne"]
[Result "1-0"]
[WhiteElo "2332"]
[BlackElo "2130"]
[PlyCount "53"]
[EventDate "20.??.??"]
[WhiteTeam "Guingamp"]
[BlackTeam "Evry Grand Roque II"]

1. d4 d5 2. c4 c6 3. cxd5 cxd5 4. Nf3 Nf6 5. Nc3 Qb6 6. Qb3 Qxb3 7. axb3 e6 8.
Nb5 Bb4+ 9. Bd2 Bxd2+ 10. Kxd2 Ne4+ 11. Ke1 Na6 12. Rxa6 bxa6 13. Nc7+ Kd8 14.
Nxa8 Bb7 15. Ne5 Nd6 16. e3 f6 17. Nd3 Bxa8 18. Nc5 Ke7 19. Bxa6 Rb8 20. Kd2
Bc6 21. Bd3 h6 22. Ra1 Nc8 23. Ra5 Kd6 24. Kc3 Bd7 25. Ba6 Ne7 26. Bb7 Bc6 27.
Rxa7 1-0

[Event " "]
[Site "Nantes"]
[Date "20.??.??"]
[Round "5.4"]
[White "Roumegous, Marina"]
[Black "Gicquel, Frederic"]
[Result "1/2-1/2"]
[WhiteElo "2206"]
[BlackElo "2237"]
[PlyCount "86"]
[EventDate "20.??.??"]
[WhiteTeam "Evry Grand Roque II"]

1. d4 Nf6 2. Bg5 e6 3. Nd2 h6 4. Bh4 d5 5. e3 c5 6. c3 Nc6 7. Ngf3 Be7 8. Bd3
Qb6 9. Rb1 Bd7 10. Qe2 cxd4 11. exd4 Qa5 12. a3 Nh5 13. Bg3 Nxg3 14. hxg3 Qc7
15. Nf1 a6 16. Ne3 Na7 17. Ne5 Bb5 18. Qh5 Rf8 19. Bc2 Nc6 20. a4 Nxe5 21. axb5
Nc4 22. Nxc4 Qxc4 23. bxa6 Rxa6 24. Qe2 Qxe2+ 25. Kxe2 Kd7 26. Bd3 Ra2 27. Rhc1
Rc8 28. Rc2 Bd6 29. Kd2 Be7 30. b3 Rca8 31. Rxa2 Rxa2+ 32. Bc2 f6 33. Re1 Bd6
34. f4 Ra8 35. b4 Ra2 36. Kd3 Ra8 37. Bb3 Ra3 38. Kc2 f5 39. Rh1 Ra8 40. Kd3
Ra3 41. Kc2 b6 42. Kb2 Ra8 43. Rd1 Ra7 $11 1/2-1/2

[Event " "]
[Site "Nantes"]
[Date "20.??.??"]
[Round "5.5"]
[White "Alanic, Mickael"]
[Black "Guyard, Rodolphe"]
[Result "1/2-1/2"]
[WhiteElo "2230"]
[BlackElo "2135"]
[PlyCount "90"]
[EventDate "20.??.??"]
[WhiteTeam "Guingamp"]
[BlackTeam "Evry Grand Roque II"]

1. e4 c5 2. Nf3 d6 3. g3 Nf6 4. d3 g6 5. Bg2 Bg7 6. O-O Nc6 7. Re1 Qc7 8. c3
O-O 9. h3 a6 10. a4 Rb8 11. d4 Nd7 12. d5 Na5 13. Bg5 Re8 14. Nbd2 c4 15. Nd4
Nc5 16. Bf1 b5 17. axb5 axb5 18. b4 cxb3 19. Nxb5 Qb6 20. Nd4 Bd7 $11 21. Be3
Qc7 22. Ra3 b2 23. Qc2 Rb7 24. Rb1 Reb8 25. Ra2 f5 26. Raxb2 Rxb2 27. Rxb2 Rxb2
28. Qxb2 fxe4 29. Qb1 Be5 30. Nxe4 Nxe4 31. Qxe4 Qxc3 32. Ne6 Nb3 33. Ng5 Nd2
34. Qh4 h5 35. Bxd2 Qxd2 36. Ne4 Qe1 37. Qxe7 Qxe4 38. Qd8+ Kg7 39. Qxd7+ Kh6
40. Qe6 Qf3 41. Bg2 Qf6 42. Kf1 h4 43. Qxf6 Bxf6 44. Be4 hxg3 45. fxg3 Be5 $11
1/2-1/2

[Event " "]
[Site "Nantes"]
[Date "20.??.??"]
[Round "5.6"]
[White "Guillon, Cyril"]
[Black "Alanic, Xavier"]
[Result "1/2-1/2"]
[WhiteElo "2217"]
[BlackElo "2244"]
[PlyCount "98"]
[EventDate "20.??.??"]
[WhiteTeam "Evry Grand Roque II"]

1. e4 c6 2. d4 d5 3. f3 dxe4 4. fxe4 e5 5. Nf3 exd4 6. Bc4 Bc5 7. O-O Qe7 8.
Ng5 Nh6 9. Nxf7 Bg4 10. Qe1 Rf8 11. Bg5 Qc7 12. Bf4 Qe7 13. Bg5 Qc7 14. Bxh6
gxh6 15. b4 Be7 16. e5 Nd7 17. Qg3 Bh5 18. e6 Qxg3 19. exd7+ Kxd7 20. hxg3 b5
21. Bb3 Bxb4 22. a4 a6 23. Ne5+ Kc7 24. Rxf8 Rxf8 25. axb5 axb5 26. g4 Bg6 27.
Nxg6 hxg6 28. Bf7 d3 29. Bxg6 d2 30. Nxd2 $11 Bxd2 31. Bf5 Be3+ 32. Kf1 h5 33.
Ke2 Bd4 34. Rf1 hxg4 35. Bxg4 Re8+ 36. Kd3 c5 37. Rf7+ Kb6 38. Bf3 Re3+ 39. Kd2
Re6 40. Rb7+ Ka5 41. Bd5 Rf6 42. c3 Be5 43. Ra7+ Kb6 44. Rb7+ Ka6 45. Re7 Bf4+
46. Kd3 c4+ 47. Kc2 Ka5 48. Rf7 Rxf7 49. Bxf7 Bg3 $11 1/2-1/2

[Event " "]
[Site "Nantes"]
[Date "20.??.??"]
[Round "5.7"]
[White "Bodenez, Vincent"]
[Black "Forget, Cyril"]
[Result "1-0"]
[WhiteElo "2200"]
[BlackElo "1910"]
[PlyCount "33"]
[EventDate "20.??.??"]
[WhiteTeam "Guingamp"]
[BlackTeam "Evry Grand Roque II"]

1. e4 c5 2. Nf3 d6 3. d4 cxd4 4. Nxd4 Nf6 5. Nc3 Nc6 6. Be3 Bd7 7. f3 g6 8. Qd2
Bg7 9. O-O-O O-O 10. h4 Qa5 11. Nb3 Qe5 12. Bf4 Qe6 13. Kb1 Rfc8 14. g4 Ne5 15.
g5 Nh5 16. Bh3 f5 17. gxf6 1-0

[Event " "]
[Site "Nantes"]
[Date "20.??.??"]
[Round "5.8"]
[White "Stojanovic, Vojislav"]
[Black "Le Diouron, Aurelie"]
[Result "1-0"]
[WhiteElo "1873"]
[BlackElo "2021"]
[PlyCount "87"]
[EventDate "20.??.??"]
[WhiteTeam "Evry Grand Roque II"]

1. e4 e5 2. Nf3 Nc6 3. Bc4 Nf6 4. Nc3 Bc5 5. O-O d6 6. h3 O-O 7. a3 Be6 8. Bxe6
fxe6 9. d3 d5 10. Re1 Qe8 11. b4 Bb6 12. exd5 exd5 13. Na4 Qh5 14. Nxb6 axb6
15. b5 Nd4 16. Nxd4 Qxd1 17. Rxd1 exd4 18. Bb2 Ra5 19. Bxd4 Rxb5 20. Bc3 Re8
21. d4 Ne4 22. Re1 Ra8 23. a4 Nxc3 24. axb5 Rxa1 25. Rxa1 Nxb5 26. Rd1 Kf7 27.
Rd3 Ke6 28. Kf1 c5 29. c3 Nd6 30. Re3+ Kd7 31. Ke2 Nc4 32. Rg3 g6 33. h4 Nd6
34. Rh3 Ne4 35. g4 Kd6 36. Re3 Nf6 37. f3 Kd7 38. Re5 Kd6 39. Kd3 c4+ 40. Kc2
b5 41. Re1 Kd7 42. Kb2 Ne8 43. Ka3 Nc7 44. f4 1-0

[Event " "]
[Site "Nantes"]
[Date "20.??.??"]
[Round "5.1"]
[White "Petkov, Vladimir"]
[Black "Roser, Kevin"]
[Result "1/2-1/2"]
[WhiteElo "2441"]
[BlackElo "2400"]
[PlyCount "96"]
[EventDate "20.??.??"]
[WhiteTeam "C.E. Nantes"]
[BlackTeam "Issy les Moulineaux"]

1. d4 Nf6 2. c4 e6 3. Nc3 Bb4 4. e3 O-O 5. Nge2 d5 6. a3 Be7 7. cxd5 Nxd5 8. g3
Nxc3 9. Nxc3 c5 10. dxc5 Qxd1+ 11. Kxd1 Bxc5 12. Bg2 Nc6 13. b4 Bb6 14. Ke2 Bd7
15. Rd1 Rfd8 16. Bb2 Rab8 17. Rac1 Be8 18. Rxd8 Rxd8 $11 19. Ne4 Kf8 20. Nc5
Bxc5 21. Rxc5 a6 22. g4 f6 23. Be4 h6 24. f4 Ke7 25. h4 Rc8 26. g5 hxg5 27.
hxg5 b6 28. Rc1 Na7 29. gxf6+ gxf6 30. Rh1 Bb5+ 31. Kd1 Rf8 32. Bd4 Nc8 33. Bg6
Bc6 34. Rh7+ Kd6 35. Bd3 Bb5 36. Bxb5 axb5 37. Ke2 e5 38. fxe5+ fxe5 39. Rh6+
Kd5 40. Bxb6 Nxb6 41. Rxb6 Kc4 42. Rc6+ Kb3 43. Rc5 Rb8 44. Rxe5 Kxa3 45. Re4
Kb3 46. Rd4 Kc3 47. Kf3 Rf8+ 48. Ke4 Re8+ 1/2-1/2